<?xml version="1.0" encoding="UTF-8"?>
<collection xmlns="http://www.loc.gov/MARC21/slim">
 <record>
  <leader>02545nam a2200313   4500</leader>
  <controlfield tag="001">1/44922</controlfield>
  <controlfield tag="008">140717s2005    ne            001 0 eng  </controlfield>
  <datafield tag="020" ind1=" " ind2=" ">
   <subfield code="a">9781555583385</subfield>
  </datafield>
  <datafield tag="020" ind1=" " ind2=" ">
   <subfield code="a">1555583385</subfield>
  </datafield>
  <datafield tag="035" ind1=" " ind2=" ">
   <subfield code="l">47879</subfield>
  </datafield>
  <datafield tag="040" ind1=" " ind2=" ">
   <subfield code="a">OPELS</subfield>
   <subfield code="b">eng</subfield>
   <subfield code="c">OPELS</subfield>
   <subfield code="d">OCLCQ</subfield>
   <subfield code="d">GR-PeUP</subfield>
  </datafield>
  <datafield tag="100" ind1="1" ind2=" ">
   <subfield code="a">Rittinghouse, John W.</subfield>
  </datafield>
  <datafield tag="245" ind1="1" ind2="0">
   <subfield code="a">IM, instant messaging, security</subfield>
   <subfield code="h">[electronic resource] /</subfield>
   <subfield code="c">John W. Rittinghouse, James F. Ransome.</subfield>
  </datafield>
  <datafield tag="246" ind1="3" ind2="0">
   <subfield code="a">Instant messaging security</subfield>
  </datafield>
  <datafield tag="246" ind1="3" ind2=" ">
   <subfield code="a">IM security</subfield>
  </datafield>
  <datafield tag="260" ind1=" " ind2=" ">
   <subfield code="a">Amsterdam ;</subfield>
   <subfield code="a">Boston :</subfield>
   <subfield code="b">Elsevier Digital Press,</subfield>
   <subfield code="c">c2005.</subfield>
  </datafield>
  <datafield tag="300" ind1=" " ind2=" ">
   <subfield code="a">1 online resource (xxi, 403 p.) :</subfield>
   <subfield code="b">ill.</subfield>
  </datafield>
  <datafield tag="520" ind1=" " ind2=" ">
   <subfield code="a">BRIEF DESCRIPTION OF CONTENT: There is a significant need for a comprehensive book addressing the operational and day-to-day security management requirements. IM, used in enterprise networks can easily be reconfigured and allow for potentially nonstop exposure; they require the level of security be scrutinized carefully. This includes inherent security flaws in various network architectures that result in additional risks to otherwise secure converged networks. A few books cover components of the architecture, design, theory, issues, challenges, and recommended policies for IM security, but none of them address IM issues in a manner that is useful for the day-to-day operations and management of enterprise networks. IM Security is intended to bridge this gap. UNIQUE FEATURE/RATIONALE There are no current books that cover components of the architecture, design, theory, issues, challenges, and recommended policies for IM security. No book we know of addresses IM security in a manner useful for day-to-day operations and management of IM-capable networks in todays corporate environment.</subfield>
  </datafield>
  <datafield tag="505" ind1="0" ind2=" ">
   <subfield code="a">Introduction; How Does IM Work?; IM Standards and Protocols; IM Malware; IM Security Risk Management; IM Risk Management for Enterprise; The Business Value of IM; The Future of IM (contributed by Tony Dubendorf); Acronyms; Glossary; Related Web Sites; -- References; Index.</subfield>
  </datafield>
  <datafield tag="504" ind1=" " ind2=" ">
   <subfield code="a">Includes bibliographical references and index.</subfield>
  </datafield>
  <datafield tag="650" ind1=" " ind2="4">
   <subfield code="a">Instant messaging</subfield>
   <subfield code="x">Security measures.</subfield>
  </datafield>
  <datafield tag="650" ind1=" " ind2="4">
   <subfield code="a">Electronic mail messages</subfield>
   <subfield code="x">Security measures.</subfield>
  </datafield>
  <datafield tag="650" ind1=" " ind2="4">
   <subfield code="a">Computer security.</subfield>
  </datafield>
  <datafield tag="655" ind1=" " ind2="4">
   <subfield code="a">Electronic books.</subfield>
  </datafield>
  <datafield tag="700" ind1="1" ind2=" ">
   <subfield code="a">Ransome, James F.</subfield>
  </datafield>
  <datafield tag="852" ind1=" " ind2=" ">
   <subfield code="a">INST</subfield>
   <subfield code="b">UNIPILB</subfield>
   <subfield code="c">EBOOKS</subfield>
   <subfield code="e">20140718</subfield>
   <subfield code="p">00b47879</subfield>
   <subfield code="q">00b47879</subfield>
   <subfield code="t">ONLINE</subfield>
   <subfield code="y">0</subfield>
  </datafield>
  <datafield tag="856" ind1="4" ind2="0">
   <subfield code="3">ScienceDirect</subfield>
   <subfield code="u">http://www.sciencedirect.com/science/book/9781555583385</subfield>
  </datafield>
  <datafield tag="856" ind1="4" ind2=" ">
   <subfield code="d">/webopac/covers/03/47879_9781555583385.jpg</subfield>
  </datafield>
  <datafield tag="856" ind1="4" ind2=" ">
   <subfield code="d">/webopac/covers/03/47879_1555583385.jpg</subfield>
  </datafield>
 </record>
</collection>
